LEADER 01449nam a2200301 u 4500 001 000000025374 003 CaOOAMICUS 005 20070226111445.0 008 950721s1978 it u000 u ita u 035 $a10652421 040 $aISV$bita$dP 100 1 $aZecchini, Giuseppe,$d1952-$0(OLS)http://pul/name/2054 245 10$aCassio Dione e la guerra gallica di Cesare /$cGiuseppe Zecchini. 260 $aMilano :$bVita e pensiero,$c1978. 300 $a241 p. ;$c22 cm 490 1 $aScienze storiche ;$v19 500 $aInclude indice. 504 $a"Bibliografia": p. [223]-235. 600 10$aCaesar, Julius.$tDe bello gallico$9(Caesar, Julius).$2//eng$0(OLS)http://pul/subject/15004 600 00$aCassius Dio,$dc. 155-c. 235.$tHistoriae Romanae$9(Cassius Dio, c. 155-235).$2//eng$0(OLS)http://pul/subject/15005 651 0$aGaul$xHistory$yGallic Wars, 58-51 B.C.$2//eng$0(OLS)http://pul/subject/15006 710 2 $aUniversità cattolica del Sacro Cuore. Sede di Milano.$0(OLS)http://pul/name/534 830 0$aScienze storiche (Vita e pensiero) ;$v19.$0(OLS)http://pul/title/2234 850 $aPUL 852 $aPUL$W1$xDP1 Cons. Gen., Altre Classi 1$y22$m388 M 19$j35491$nBK-PRI$b $qStampati$B35491$CPULBib$Z2$F35491 $H45644 $81 941 1 $a8 996 $6245$aCassio Dione e la guerra gallica di Cesare$9(OLS)http://pul/title/34963 996 $6260$aMilano :$bVita e pensiero$9(OLS)http://pul/publisher/48016 LEADER 01045nam a2200253 a 4500 001 000000143787 003 CaOOAMICUS 005 20150604101535.0 008 150604s1980 it af u000 u ita r 040 $aPUL$bita 100 1 $aBeltrame Quattrocchi, Paolino$b1909-2008.$0(OLS)http://pul/name/19289 245 13$aLa beata Maria Gabriella dell'Unità /$cPaolino Beltrame Quattrocchi. 250 $a2. ed. 260 $aVitorchiano :$bMonastero Trappiste,$c1980. 300 $a302 p., [11] p. di tav. :$bill. ;$c20 cm 500 $aData desunta dall'imprimatur. 504 $aBibliografia in nota. 600 04$aMaria Gabriella dell'Unità,$cb.,$d1914-1960.$0(OLS)http://pul/subject/41813 850 $aPUL 852 $aPUL$W1$xDP1 Fondo S. Lanza$y121$m3 A 40$j115656$qFondi$B166267$CPULBib$Z2$F166267 $HLan190 $82 941 1 $a1 996 $6245$aLa beata Maria Gabriella dell'Unità$9(OLS)http://pul/title/181900 996 $6260$aVitorchiano :$bMonastero Trappiste$9(OLS)http://pul/publisher/83466